Statistics for FC Barcelona Current Squad (2021/22)

Click here to take the quiz!

General Stats

  • This quiz has been taken 211 times
    (183 since last reset)
  • The average score is 21 of 33

Answer Stats

#Answer% Correct
1Marc-André ter Stegen
100%
3Gerard Piqué
90%
16Pedri
90%
30Gavi
88%
5Sergio Busquets
85%
4Ronald Araújo
84%
18Jordi Alba
83%
7Ousmane Dembélé
82%
21Frenkie de Jong
81%
17Luuk de Jong
81%
10Ansu Fati
79%
9Memphis Depay
79%
25Pierre-Emerick Aubameyang
77%
19Ferran Torres
75%
2Sergiño Dest
73%
8Dani Alves
69%
MXavi
69%
20Sergi Roberto
66%
13Neto
65%
23Samuel Umtiti
63%
15Clément Lenglet
62%
11Adama Traoré
58%
24Eric García
58%
6Riqui Puig
56%
12Martin Braithwaite
52%
31Alejandro Balde
51%
14Nico González
49%
22Óscar Mingueza
44%
33Abde Ezzalzouli
37%
29Ferran Jutglà
33%
37Ilias Akhomach
16%
34Álvaro Sanz
13%
39Estanis Pedrola
8%

Score Distribution

Percentile by Number Answered

Percent of People with Each Score

Your Score History

You have not taken this quiz since the last reset